[Event "Skopje ol (Men) fin-A"]
[Site "Skopje"]
[Date "1972.??.??"]
[Round "1"]
[White "Diez del Corral, Jesus"]
[Black "Pytel, Krzysztof"]
[Result "1-0"]
[WhiteElo "2470"]
[BlackElo "2380"]

1.e4 c5 2.Nf3 d6 3.d4 cxd4 4.Nxd4 Nf6 5.Nc3 a6 6.g3 e5 7.Nde2 Be7 8.Bg2 O-O
9.O-O Nbd7 10.a4 b6 11.b3 Bb7 12.Nd5 Nxd5 13.exd5 Bf6 14.Be3 Re8 15.a5 b5
16.Qd2 Rc8 17.Rac1 Nc5 18.Bh3 Rc7 19.Nc3 e4 20.Na2 Qa8 21.Nb4 Bb2 22.Rb1 Ba3
23.Nc6 Bxc6 24.dxc6 Qxc6 25.b4 Na4 26.Bd4 Qd5 27.c3 f5 28.Ra1 Bb2 29.Rxa4 Bxc3
30.Bxc3 Qxd2 31.Bxd2 bxa4 32.Ra1 g6 33.Bf4 Rc6 34.Bf1 Rb8 35.Rxa4 Kf7 36.b5 axb5
37.Rb4 Kf6 38.Be3 Ra6 39.Bb6 Raxb6 40.axb6 Rxb6 41.f4 exf3 42.Kf2 g5 43.Kxf3 d5
44.Bd3 Ke5 45.h4 h6 46.h5 d4 47.Rb1 b4 48.Ra1 g4+ 49.Kf2 Rf6 50.Ra5+ Ke6
51.Rb5 f4 52.Bc4+ Ke7 53.Rxb4 fxg3+ 54.Kxg3 d3 55.Rb7+ Kd6 56.Rb5 Ke7 57.Re5+ Kd7
58.Kxg4 d2 59.Bb3 Rb6 60.Bd1 Re6 61.Ra5 Ke7 62.Ra7+ Ke8 63.Ra2 Rd6 64.Kf5 Ke7
65.Ra7+ Kf8 66.Ke5 Rd3 67.Rh7 Ra3 68.Rd7 Ke8 69.Rxd2 Ke7 70.Kf5 Ra6 71.Bb3 Rf6+
72.Ke5 Rb6 73.Bd5 Rb1 74.Ra2 Re1+ 75.Be4 Kf8 76.Ra6 Rf1 77.Rxh6 Kg7 78.Rh7+ Kg8
79.Ra7 Rf8 80.h6 Kh8 81.Bf5 Kg8 82.Kf4 Kh8 83.Kg5 Rg8+ 84.Kf6 Rb8 85.Rh7+ Kg8
86.Re7 Kh8 87.Be6 Rf8+ 88.Kg5  1-0

[Event "Skopje ol (Men) prel"]
[Site "Skopje"]
[Date "1972.??.??"]
[Round "2"]
[White "Micheli, Carlo"]
[Black "Olsson, Ake"]
[Result "1/2-1/2"]
[WhiteElo "2200"]
[BlackElo "2380"]

1.e4 c5 2.Nf3 d6 3.d4 cxd4 4.Nxd4 Nf6 5.Nc3 a6 6.g3 e5 7.Nb3 Be7 8.Bg2 b5
9.Bg5 Nbd7 10.a4 b4 11.Nd5 Nxd5 12.Qxd5 Ra7 13.Bxe7 Kxe7 14.O-O Nf6 15.Qd2 a5
16.c4 bxc3 17.Qxc3 Be6 18.Nd2 Qb6 19.Nc4 Qc5 20.Ne3 Qxc3 21.bxc3 Rc8 22.Rfc1 Rac7
23.Ra3 Nd7 24.Bf1 g6 25.Ba6 Ra8 26.Bb5 Nc5 27.f3 f5 28.Nd5+ Bxd5 29.exd5 g5
30.Kg2 h5 31.h4 Rg8 32.hxg5 Rxg5 33.Kf2 Kf6 34.Rh1 Rcg7 35.Rh3 f4 36.gxf4 exf4
37.Rh2 Rxd5 38.Ra2 Rg3 39.Re2 Nd3+ 40.Bxd3 Rxd3 41.Rxh5 Rgxf3+ 42.Ke1 Rxc3
43.Rd2 Rfe3+ 44.Kf2 Rcd3 45.Rxd3 Rxd3 46.Rxa5 Ra3 47.Ra8 Ke5 48.a5 Ke4 49.Re8+ Kd4
50.Ra8 Kc5 51.a6 Kb6 52.Rf8 Ra4 53.Rf5 Re4 54.Kf3  1/2-1/2

[Event "Skopje ol (Men) fin-B"]
[Site "Skopje"]
[Date "1972.??.??"]
[Round "2"]
[White "Kagan, Shimon"]
[Black "Tatai, Stefano"]
[Result "0-1"]
[WhiteElo "2425"]
[BlackElo "2460"]

1.e4 c5 2.Nf3 d6 3.d4 cxd4 4.Nxd4 Nf6 5.Nc3 a6 6.g3 e5 7.Nde2 Be7 8.Bg2 Nbd7
9.O-O b5 10.a4 b4 11.Nd5 Nxd5 12.exd5 a5 13.c4 bxc3 14.Nxc3 Ba6 15.Re1 Rb8
16.Bf1 Bxf1 17.Kxf1 O-O 18.Nb5 Rb7 19.b3 Nf6 20.Bg5 Ne8 21.Bxe7 Rxe7 22.Rc1 f5
23.Rc6 f4 24.g4 f3 25.Kg1 Ref7 26.Re4 Qh4 27.Nxd6 Nxd6 28.Rxd6 Rf4 29.Rxf4 Rxf4
30.Kh1 Qh3 31.Rd8+ Kf7  0-1

[Event "Skopje ol (Men) fin-B"]
[Site "Skopje"]
[Date "1972.??.??"]
[Round "14"]
[White "Kagan, Shimon"]
[Black "Wibe, Terje"]
[Result "1-0"]
[WhiteElo "2425"]
[BlackElo "2390"]

1.e4 c5 2.Nf3 d6 3.d4 cxd4 4.Nxd4 Nf6 5.Nc3 a6 6.g3 g6 7.Bg2 Bg7 8.O-O O-O
9.h3 Nc6 10.Nde2 Be6 11.Nd5 Rc8 12.Be3 Ne5 13.b3 Nc6 14.c4 b5 15.Rc1 bxc4
16.Rxc4 Nb8 17.Rxc8 Bxc8 18.Qd2 Bb7 19.Rc1 Nbd7 20.Qb4 Nxd5 21.exd5 Qa8 22.Qa5 Rc8
23.Rxc8+ Qxc8 24.Nd4 Bf6 25.g4 Nf8 26.Nc6 e6 27.g5 exd5 28.Na7 Bd8 29.Nxc8 Bxa5
30.Ne7+ Kg7 31.Bd4+ f6 32.Nxd5 Kf7 33.Bxf6 Bd2 34.h4 h6 35.Nc7 Bxg2 36.Kxg2 a5
37.Nb5 hxg5 38.hxg5 Ke6 39.Kg3 Nh7 40.Nd4+ Kf7 41.Nf3 Nxf6 42.Nxd2 Nh5+ 43.Kf3 d5
44.Ke3 Ke6 45.Nf3 Ng7 46.Nd4+ Kd6 47.f4 Kc5 48.a3 Kd6 49.Nf3 Nf5+ 50.Kd3 Kc5
51.Ne5 Ne7 52.Kc3 Kd6 53.b4 axb4+ 54.Kxb4 Ke6 55.Kc5 Kf5 56.Nd3 Ke4 57.Nb4 d4
58.a4 Kxf4 59.Kd6 Nc8+ 60.Kc7 Na7 61.Kb7 Kxg5 62.Kxa7 Kf5 63.Kb6 g5 64.Kc5 Ke5
65.Nd3+ Ke4 66.a5 Kxd3 67.a6 Ke3 68.a7 d3 69.a8=Q d2 70.Qd5  1-0

[Event "CAN-ch"]
[Site "Toronto"]
[Date "1972.??.??"]
[Round "14"]
[White "Markov, B."]
[Black "Berry, Jonathan"]
[Result "0-1"]
[WhiteElo "2200"]
[BlackElo "2240"]

1.e4 c5 2.Nf3 d6 3.d4 cxd4 4.Nxd4 Nf6 5.Nc3 a6 6.g3 e5 7.Nb3 Be7 8.Bg2 O-O
9.O-O b5 10.Bg5 Nbd7 11.Qe2 Bb7 12.Bxf6 Nxf6 13.a3 Rc8 14.Rfd1 Qb6 15.Nd2 Rc5
16.Nf1 Rfc8 17.Ne3 Rxc3 18.bxc3 Rxc3 19.Rd3 Rc7 20.Nf5 g6 21.Nxe7+ Rxe7 22.Rad1 Ne8
23.Qe3 Qxe3 24.Rxe3 Rc7 25.Rd2 Kf8 26.Kf1 Ke7 27.Bh3 Rc6 28.Ke2 Nc7 29.Red3 Na8
30.f4 f6 31.fxe5 fxe5 32.Kd1 Rb6 33.Bg2 Bc8 34.h3 Rc6 35.Bf3 Nb6 36.Bg4 Nc4
37.Bxc8 Rxc8 38.Rb3 Nxd2 39.Kxd2 Rc4 40.Kd3 Ke6 41.c3 Ra4 42.Ke3 d5 43.exd5+ Kxd5
44.Kd3 h6 45.Ke3 Kc4 46.Rb1 Rxa3 47.Ke4 a5 48.Kxe5 Rxc3 49.Kf4 a4 50.Re1 a3
51.Re6 a2 52.Ra6 Kb3 53.Ra5 Rc4+ 54.Ke5 Ra4 55.Rxb5+ Kc4  0-1

[Event "Bauang"]
[Site "Bauang"]
[Date "1973.??.??"]
[Round "2"]
[White "Cardoso, Radolfo Tan"]
[Black "Tatai, Stefano"]
[Result "1-0"]
[WhiteElo "2375"]
[BlackElo "2430"]

1.e4 c5 2.Nf3 a6 3.d4 cxd4 4.Nxd4 Nf6 5.Nc3 d6 6.g3 e5 7.Nde2 Be7 8.Bg2 Qc7
9.O-O b5 10.h3 Bb7 11.Be3 Nbd7 12.a4 b4 13.Nd5 Bxd5 14.exd5 O-O 15.c3 Rab8
16.Rc1 b3 17.Ra1 Nb6 18.Bxb6 Rxb6 19.Nc1 Rc8 20.Qd2 Nd7 21.Rd1 Rb7 22.Bf1 Qa5
23.Nd3 Re8 24.Nb4 Nc5 25.Bc4 Bf6 26.Ra3 e4 27.Re1 h6 28.Bxb3 Qc7 29.a5 Rxb4
30.cxb4 Nd3 31.Rb1 Bd4 32.Ba4 Re5 33.Rxd3 exd3 34.Qxd3 Bxb2 35.Bc2 Qc3 36.b5 axb5
37.a6 Re1+ 38.Rxe1 Qxe1+ 39.Kg2 Qa5 40.Qe3 g5 41.a7 Kg7 42.Bd3 Ba3 43.Qd4+ Kg8
44.Qb6  1-0

[Event "Netanya-B"]
[Site "Netanya"]
[Date "1973.??.??"]
[Round "10"]
[White "Cardoso, Radolfo Tan"]
[Black "Bar Nir, A."]
[Result "1-0"]
[WhiteElo "2400"]
[BlackElo "2200"]

1.e4 c5 2.Nf3 d6 3.d4 cxd4 4.Nxd4 Nf6 5.Nc3 a6 6.g3 b5 7.Bg2 Bb7 8.O-O e6
9.a3 Qc7 10.Bg5 Nbd7 11.Re1 Be7 12.Nd5 exd5 13.exd5 Kf8 14.Nf5 Re8 15.Bf4 Ng8
16.Rxe7 Nxe7 17.Bxd6 Qd8 18.Qg4 g6 19.Nxe7 Kg7 20.Re1 h6 21.Re6 Nf8 22.Qd4+ Kh7
23.Qf6 Rg8 24.Nxg8 Kxg8 25.Be7 Qd7 26.Re5 Qg4 27.Re1 Nh7 28.Qb6 Bc8 29.h3 Qf5
30.Bb4  1-0

[Event "Lublin"]
[Site "Lublin"]
[Date "1974.??.??"]
[Round "1"]
[White "Estrin, Yacov"]
[Black "Nicevski, Risto"]
[Result "1-0"]
[WhiteElo "2450"]
[BlackElo "2430"]

1.e4 c5 2.Nf3 d6 3.d4 cxd4 4.Nxd4 Nf6 5.Nc3 a6 6.g3 e6 7.Bg2 Qc7 8.O-O Be7
9.Nce2 O-O 10.b3 Nc6 11.c4 Bd7 12.Ba3 Rfd8 13.Qd2 Rac8 14.Rac1 Qb6 15.Rfd1 Ng4
16.h3 Nge5 17.f4 Ng6 18.Kh2 Nxd4 19.Nxd4 Bf8 20.Bb4 e5 21.Nf5 exf4 22.gxf4 Qc7
23.Nxd6 Bc6 24.c5 Rb8 25.Ba5 b6 26.Bxb6 Bxd6 27.e5 Bxe5 28.Bxc7 Bxc7 29.Qxd8+ Bxd8
30.Bxc6 Bc7 31.Rc4 Nxf4 32.Rd7 Be5 33.Bf3 g5 34.c6 Rc8 35.b4 h5 36.a4 h4
37.Bg4  1-0

[Event "Lublin"]
[Site "Lublin"]
[Date "1974.??.??"]
[Round "11"]
[White "Estrin, Yacov"]
[Black "Pytel, Krzysztof"]
[Result "0-1"]
[WhiteElo "2450"]
[BlackElo "2405"]

1.e4 c5 2.Nf3 d6 3.d4 cxd4 4.Nxd4 Nf6 5.Nc3 a6 6.g3 e5 7.Nde2 Be7 8.Bg2 O-O
9.a4 Be6 10.O-O Nc6 11.h3 Nb4 12.f4 Rc8 13.Be3 Bc4 14.Rf2 Qa5 15.Rc1 d5 16.fxe5 Nxe4
17.Nxe4 dxe4 18.b3 Be6 19.Bxe4 Rfd8 20.Bd4 Nc6 21.c3 Bg5 22.Bxc6 Bxc1 23.Bxb7 Be3
24.Bxc8 Bxc8 25.Qf1 Bxf2+ 26.Qxf2 Qd5 27.b4 Bb7 28.Kf1 Qb3 29.a5 Qb1+ 30.Qe1 Qf5+
31.Qf2 Qxh3+ 32.Ke1 Qh1+ 33.Qf1 Qe4 34.Qf4 Qb1+ 35.Kf2 Re8 36.g4 Bd5 37.Qf5 Qh1
38.Qd7 Bc6 39.Qf5 f6 40.e6 Be4 41.Qf4 Qg2+  0-1

[Event "Nice olm fin-A"]
[Site "Nice"]
[Date "1974.??.??"]
[Round "2"]
[White "Kinnmark, Ove"]
[Black "Szmetan, Jorge"]
[Result "1/2-1/2"]
[WhiteElo "2400"]
[BlackElo "2405"]

1.e4 c5 2.Nf3 d6 3.d4 cxd4 4.Nxd4 Nf6 5.Nc3 a6 6.g3 e5 7.Nde2 b5 8.Bg2 Bb7
9.Bg5 Nbd7 10.Nd5 Bxd5 11.exd5 Be7 12.O-O O-O 13.h3 Qb8 14.g4 Bd8 15.Ng3 Nh5
16.gxh5 Bxg5 17.Qg4 Qd8 18.a4 bxa4 19.Rxa4 h6 20.Qf5 Bf4 21.Ne2 Nc5 22.Ra3 Rb8
23.Rb1 a5 24.Nxf4 exf4 25.Qxf4 Rb4 26.Qd2 Qb6 27.Rg3 Rxb2 28.Rxb2 Qxb2 29.Qxa5 Qxc2
30.Qa1 f6 31.Qe1 Nd7 32.Qe6+ Rf7 33.Qxd6 Nf8 34.Re3 Qd1+ 35.Kh2 Qxh5 36.Re8 f5
37.Qe6 Kh7 38.Qc8 Qg6 39.Qb8 Qf6 40.d6 Nd7 41.Qb4 Rf8 42.Rxf8 Nxf8 43.Qd2 Ne6
44.d7 Qe5+ 45.Kg1 Nd8 46.Qb4 Qf6 47.Qc5 Kg6 48.Bd5 Qg5+ 49.Kf1 Kh5 50.Qd4 Kg6  1/2-1/2

[Event "Nice olm fin-B"]
[Site "Nice"]
[Date "1974.??.??"]
[Round "14"]
[White "Santos, Luis M"]
[Black "Wirthensohn, Heinz"]
[Result "0-1"]
[WhiteElo "2270"]
[BlackElo "2340"]

1.e4 c5 2.Nf3 d6 3.d4 cxd4 4.Nxd4 Nf6 5.Nc3 a6 6.g3 e5 7.Nde2 Be7 8.Bg2 O-O
9.a4 b6 10.h3 Nbd7 11.O-O Bb7 12.g4 Nc5 13.Ng3 g6 14.Kh2 Ne6 15.Nd5 Nxd5
16.exd5 Nf4 17.Bxf4 exf4 18.Ne2 Bf6 19.c3 Be5 20.Bf3 Qh4 21.Kg2 f5 22.Nd4 fxg4
23.hxg4 Bxd4 24.Qxd4 Bc8 25.Rh1 Qg5 26.Rag1 Rf7 27.Qxb6 Bxg4 28.Kf1 h5 29.Qd4 Rg7
30.Rh2 Re8 31.Be4 f3 32.Bc2 Rge7  0-1

[Event "SWE-ch"]
[Site "?"]
[Date "1974.??.??"]
[Round "11"]
[White "Dahlin, Gunnar"]
[Black "Hansson, Dan"]
[Result "1/2-1/2"]
[WhiteElo "2200"]
[BlackElo "2320"]

1.e4 c5 2.Nf3 d6 3.d4 cxd4 4.Nxd4 Nf6 5.Nc3 a6 6.g3 e5 7.Nde2 Be7 8.Bg2 O-O
9.O-O Be6 10.h3 Nbd7 11.a4 b5 12.axb5 axb5 13.Rxa8 Qxa8 14.Nxb5 Nxe4 15.Nec3 Nxc3
16.Nxc3 Qa5 17.Qd2 Qc5 18.Rd1 Nf6 19.Qd3 Rb8 20.Be3 Qc8 21.Rb1 Bxh3 22.Nd5 Nxd5
23.Bxd5 Bf5 24.Be4 Bxe4 25.Qxe4 Qb7 26.Qd3 d5 27.b4 Qb5 28.Qf5 d4 29.Bd2 Qe2
30.Qd3 Qxd3 31.cxd3 f6 32.f4 exf4 33.gxf4 f5 34.b5 Bc5 35.Ba5 Kf7 36.b6 Ke6
37.Kf2 Kd5 38.Rh1 Bxb6 39.Bxb6 Rxb6 40.Rxh7 Rb2+ 41.Ke1 Rb3 42.Ke2 Rb2+ 43.Ke1 Rg2
44.Rh8 Rg4 45.Rd8+ Kc5 46.Rc8+ Kb6 47.Rg8 Rxf4 48.Rxg7 Kc6 49.Ra7 Rf3 50.Ra5 Kd6
51.Ke2 Re3+ 52.Kd2 Re5 53.Ra6+ Ke7 54.Ra4 Rd5 55.Ke2 Ke6 56.Kf3  1/2-1/2

[Event "Vejle op"]
[Site "Vejle"]
[Date "1974.??.??"]
[Round "7"]
[White "Bjerring, Kai"]
[Black "Poulsen, Allan"]
[Result "1/2-1/2"]
[WhiteElo "2405"]
[BlackElo "2280"]

1.e4 c5 2.Nf3 d6 3.d4 cxd4 4.Nxd4 Nf6 5.Nc3 a6 6.g3 e5 7.Nde2 Be6 8.Bg2 Be7
9.O-O b5 10.h3 b4 11.Nd5 Bxd5 12.exd5 Nbd7 13.a3 a5 14.Bd2 Rb8 15.axb4 axb4
16.Ra4 Nb6 17.Rxb4 Nbxd5 18.Rxb8 Qxb8 19.c4 Nb6 20.Bc6+ Nfd7 21.b3 Qc7 22.Bg2 O-O
23.Nc3 f5 24.Nb5 Qb8 25.Qc2 Qc8 26.Bb4 Nc5 27.Ra1 f4 28.Ra7 f3 29.Bf1 Qe6
30.Bxc5 dxc5 31.Ra6 e4 32.Nc7 Qe5 33.Rxb6 e3 34.Re6 exf2+ 35.Qxf2 Qxc7 36.Re3 Bf6
37.Rxf3 Be7 38.Rxf8+ Bxf8 39.Bg2 g6 40.Bd5+ Kg7 41.Qb2+ Kh6 42.Qd2+ Kg7 43.Qc3+ Kh6
44.h4 Bd6  1/2-1/2

[Event "Hoogovens"]
[Site "Wijk aan Zee"]
[Date "1974.??.??"]
[Round "13"]
[White "Quinteros, Miguel A"]
[Black "Ghitescu, Theodor"]
[Result "1/2-1/2"]
[WhiteElo "2495"]
[BlackElo "2440"]

1.e4 c5 2.Nf3 d6 3.d4 cxd4 4.Nxd4 Nf6 5.Nc3 a6 6.g3 e5 7.Nde2 Be7 8.Bg2 O-O
9.O-O Nbd7 10.h3 b5 11.a4 b4 12.Nd5 Nxd5 13.exd5 a5 14.c3 bxc3 15.Nxc3 Ba6
16.Re1 Nc5 17.Bf1 Bxf1 18.Rxf1 Bg5 19.Nb5 Bxc1 20.Rxc1 Qb6 21.Rc4 Rab8 22.b3 g6
23.Qc2 e4 24.Nxd6 Qxd6 25.Rxc5 e3 26.Rxa5 exf2+ 27.Kg2 Qb4 28.Ra7 Rbc8 29.Qd3 Rc3
30.Rb7 Qxb7 31.Qxc3 Qxd5+ 32.Qf3 Qxf3+ 33.Kxf3 Rb8 34.Kxf2 Rxb3 35.Ra1 Kf8
36.a5 Rb7 37.a6 Ra7 38.Ke3 Ke7 39.Kd4 Kd6 40.g4 f6 41.h4 Kc6 42.Rf1 Rf7 43.g5 f5
44.h5 gxh5 45.Ke5 Kb6 46.Ke6 Rf8 47.Ke7 Rg8 48.Kf6 Kxa6 49.Rh1 f4 50.Rxh5 f3
51.Rxh7 f2 52.Rh1 f1=R+ 53.Rxf1 Rf8+ 54.Ke7 Rxf1 55.g6  1/2-1/2

[Event "SVK-ch"]
[Site "Hlohovec"]
[Date "1975.??.??"]
[Round "6"]
[White "Franzen, Josef"]
[Black "Petrik, Stanislav"]
[Result "1-0"]
[WhiteElo "2290"]
[BlackElo "2200"]

1.e4 c5 2.Nf3 d6 3.d4 cxd4 4.Nxd4 Nf6 5.Nc3 a6 6.g3 e5 7.Nde2 Be7 8.Bg2 Nbd7
9.h3 b5 10.a3 Bb7 11.g4 Nb6 12.g5 Nfd7 13.Ng3 g6 14.h4 h6 15.h5 hxg5 16.hxg6 Rxh1+
17.Bxh1 fxg6 18.Nd5 Nxd5 19.exd5 Qc7 20.Qd3 O-O-O 21.Be3 Nf6 22.O-O-O Nh5
23.Qxg6 Nf4 24.Bxf4 gxf4 25.Nf5 Kb8 26.Be4 Bc8 27.Rh1 Bxf5 28.Bxf5 Qb6 29.Qf7 Bf8
30.Rh7 a5 31.Kb1 b4 32.a4 f3 33.Ka2 Ka8 34.Bd7 Kb8 35.Bc6 Rc8 36.Qxf3  1-0

[Event "URS-chT"]
[Site "Riga"]
[Date "1975.??.??"]
[Round "?"]
[White "Khalafian, Erua"]
[Black "Matveeva, I."]
[Result "0-1"]
[WhiteElo "2000"]
[BlackElo "2040"]

1.e4 c5 2.Nf3 d6 3.d4 cxd4 4.Nxd4 Nf6 5.Nc3 a6 6.g3 e5 7.Nb3 b5 8.Bg5 Nbd7
9.Nd5 Bb7 10.Bh3 Bxd5 11.exd5 Be7 12.O-O O-O 13.Bg2 Rc8 14.Bd2 Nb6 15.Ba5 Qc7
16.Re1 Bd8 17.Bxb6 Qxb6 18.a4 b4 19.Qd3 a5 20.Re2 Qa7 21.Bh3 Rb8 22.Nd2 Qc5
23.Nb3 Qa7 24.Nd2 Bb6 25.Nc4 Qc7 26.Ne3 Bxe3 27.Rxe3 Qc5 28.Rd1 Rb7 29.Re2 Rc7
30.Kh1 Qc4 31.Qxc4 Rxc4 32.Rdd2 Rc5 33.Bg2 Rfc8 34.Kg1 Kf8 35.b3 R8c7 36.Kf1 Ng4
37.h3 Nf6 38.Ke1 Rc3 39.Kd1 Nd7 40.g4 Nc5 41.Re3 Rxe3 42.fxe3 Ke7 43.Rf2 Rc8
44.e4 g6 45.Kd2 f6 46.Ke3 Rh8 47.Bf3 f5 48.gxf5 gxf5 49.exf5 Kf6 50.Be4 Rg8
51.Bd3 Rg3+ 52.Rf3 Rg1 53.Kf2 Rg5 54.Ke3 Rg1 55.Kf2 Rc1 56.Re3 Nxd3+ 57.cxd3 Rc3
58.Rg3 Rxb3 59.Ke2 Ra3 60.Rg8 Rxa4 61.Rf8+ Ke7 62.Rh8 b3 63.Rxh7+ Kf6 64.Rb7 Ra2+
65.Kd1 a4 66.Kc1 Rc2+ 67.Kb1 Rc3 68.Rb6 a3 69.Rxd6+ Kxf5 70.Ra6 b2 71.Rb6 Rc1+
72.Ka2 Ra1+  0-1

[Event "SWE-ch"]
[Site "?"]
[Date "1975.??.??"]
[Round "?"]
[White "Kinnmark, Ove"]
[Black "Falk, L."]
[Result "1-0"]
[WhiteElo "2385"]
[BlackElo "2200"]

1.e4 c5 2.Nf3 d6 3.d4 cxd4 4.Nxd4 Nf6 5.Nc3 a6 6.g3 e5 7.Nde2 Be7 8.Bg2 Nbd7
9.a4 b6 10.O-O Bb7 11.Nd5 Nxd5 12.exd5 O-O 13.c4 f5 14.Be3 a5 15.f4 Qc7 16.fxe5 Nxe5
17.Nd4 Bc8 18.b3 Bd7 19.Kh1 Rae8 20.h3 Rf6 21.Qd2 Bc8 22.Nb5 Qd8 23.Rae1 Nd7
24.Nd4 Qc7 25.Bg5 Rf7 26.Nxf5 Rxf5 27.Rxf5  1-0

[Event "Capablanca mem-A 13th"]
[Site "Cienfuegos"]
[Date "1976.05.31"]
[Round "15"]
[White "Bellon Lopez, Juan Manuel"]
[Black "Sigurjonsson, Gudmundur"]
[Result "0-1"]
[WhiteElo "2475"]
[BlackElo "2530"]

1.e4 c5 2.Nf3 d6 3.d4 cxd4 4.Nxd4 Nf6 5.Nc3 a6 6.g3 e6 7.Bg2 Be7 8.O-O O-O
9.Be3 Qc7 10.f4 Nc6 11.a4 Bd7 12.Nb3 b6 13.g4 Bc8 14.g5 Nd7 15.f5 Re8 16.Nd4 Nxd4
17.Bxd4 Bb7 18.Qh5 exf5 19.Rf3 Nf8 20.exf5 Bxf3 21.Bxf3 d5 22.Nxd5 Qc4 23.Bc3 Rad8
24.Rd1 Bd6 25.Kh1 Be5 26.b3 Qc5 27.Bb4 Qf2 28.Bg2 Bd6 29.Rf1 Qxc2 30.Nf6+ gxf6
31.gxf6 Bxb4 32.Qh6 Ne6 33.fxe6 Qg6 34.exf7+ Kxf7 35.Qh4 Bc5  0-1

[Event "Agard"]
[Site "Agard"]
[Date "1976.??.??"]
[Round "2"]
[White "Estrin, Yacov"]
[Black "Prandstetter, Eduard"]
[Result "1-0"]
[WhiteElo "2450"]
[BlackElo "2365"]

1.e4 c5 2.Nf3 d6 3.d4 cxd4 4.Nxd4 Nf6 5.Nc3 a6 6.g3 e5 7.Nde2 Be7 8.Bg2 O-O
9.O-O Nbd7 10.h3 b5 11.a3 Bb7 12.g4 Nc5 13.Ng3 g6 14.f4 Ne8 15.f5 Bh4 16.Kh2 Nf6
17.Qe2 d5 18.exd5 Qc7 19.Bh6 Rfe8 20.Nge4 Ncxe4 21.Bxe4 Nxe4 22.Qxe4 g5 23.f6 Qd6
24.Rf5 Bc8 25.Rxg5+ Bxg5 26.Bxg5 Bd7 27.Rf1 Rac8 28.Bh4 Rc4 29.Qe3 Kh8 30.Ne4 Rxc2+
31.Rf2 Rxf2+ 32.Bxf2 Qf8 33.Qa7 Bxg4 34.hxg4 Qh6+ 35.Kg2 Qf4 36.Qe3 Qxg4+
37.Bg3 Qd1 38.Nc3 Qc2+ 39.Qe2 Qg6 40.Ne4 h5 41.Kh2 Rc8 42.d6 Qf5 43.d7 Rg8
44.Qe3 Kh7 45.Nc5 Qxf6 46.Qxe5  1-0

[Event "Tungsram"]
[Site "Budapest"]
[Date "1976.??.??"]
[Round "?"]
[White "Kholmov, Ratmir D"]
[Black "Pinter, Jozsef"]
[Result "1-0"]
[WhiteElo "2550"]
[BlackElo "2420"]

1.e4 c5 2.Nf3 d6 3.d4 cxd4 4.Nxd4 Nf6 5.Nc3 a6 6.g3 e5 7.Nde2 Be6 8.Bg2 Nbd7
9.a4 Be7 10.h3 O-O 11.Be3 Rc8 12.O-O Bc4 13.Qd2 Nc5 14.a5 Qc7 15.Rfc1 Rfd8
16.b3 Be6 17.g4 h6 18.Ng3 Nh7 19.Nf5 Bg5 20.b4 Nd7 21.Bxg5 Nxg5 22.Ne7+ Kh8
23.Nxc8 Rxc8 24.Ne2 Nf6 25.Ng3 Bc4 26.Rd1 Rd8 27.Ra3 Qc6 28.Rc3 Qb5 29.Re3 g6
30.c3 Kg7 31.Ree1 Bb3 32.Rb1 Bc4 33.Qe3 Ne6 34.Rbd1 Nf4 35.Rd2 Rd7 36.Red1 Bb3
37.Bf1 Qc6 38.Rb1 Bc4 39.Kh2 Ne8 40.Bxc4 Qxc4 41.Ne2 Ne6 42.Qd3 Rc7 43.f3 Kf8
44.b5 axb5 45.Rxb5 Qxd3 46.Rxd3 Ke7 47.Rd1 Nc5 48.c4 Rc6 49.Nc3 Kd7 50.Nd5 Ng7
51.Rdb1 Nge6 52.Rxb7+ Nxb7 53.Rxb7+ Ke8 54.Nb6 Nc5 55.Rb8+ Ke7 56.Kg3 Ke6
57.Kf2 f5 58.exf5+ gxf5 59.Rh8 e4 60.Rxh6+ Ke5 61.Rh5  1-0

[Event "Haifa ol (Men)"]
[Site "Haifa"]
[Date "1976.??.??"]
[Round "?"]
[White "Ligterink, Gert"]
[Black "Stean, Michael"]
[Result "1/2-1/2"]
[WhiteElo "2400"]
[BlackElo "2420"]

1.e4 c5 2.Nf3 d6 3.d4 cxd4 4.Nxd4 Nf6 5.Nc3 a6 6.g3 e5 7.Nde2 b5 8.a4 Bb7
9.Bg2 Be7 10.axb5 axb5 11.Rxa8 Bxa8 12.Bg5 Nbd7 13.Nxb5 Bxe4 14.Bxe4 Nxe4
15.Bxe7 Qa5+ 16.Nec3 Nxc3 17.Nxc3 Kxe7 18.O-O Nf6 19.Qd3 Rb8 20.Rd1 Qc5  1/2-1/2

[Event "Lanzarote"]
[Site "Lanzarote"]
[Date "1976.??.??"]
[Round "4"]
[White "Bellon Lopez, Juan Manuel"]
[Black "Garcia, Jo"]
[Result "1-0"]
[WhiteElo "2475"]
[BlackElo "2280"]

1.e4 c5 2.Nf3 d6 3.d4 cxd4 4.Nxd4 Nf6 5.Nc3 a6 6.g3 e5 7.Nde2 Be7 8.Bg2 Qc7
9.a4 O-O 10.O-O Be6 11.h3 Nc6 12.Be3 Rac8 13.g4 Na5 14.b3 Rfe8 15.Rc1 h6
16.Qd3 Nc6 17.Qd2 Nb8 18.Nd5 Bxd5 19.exd5 Nh7 20.c4 Bg5 21.Ng3 Nd7 22.Be4 g6
23.a5 Nc5 24.Bc2 Qe7 25.b4 Nd7 26.Be4 Rf8 27.Kg2 Kg7 28.Bf5 Kh8 29.Bxd7 Qxd7
30.f4 exf4 31.Bxf4 Kg8 32.Bxg5 Nxg5 33.h4 Nh7 34.Qxh6 Qxg4 35.Rf4 Qd7 36.Ne4 Qe7
37.h5 Rcd8 38.Rcf1 Rfe8 39.hxg6 fxg6 40.Qxg6+ Kh8 41.Ng3 Rg8 42.Rf7 Rxg6
43.Rxe7 Rdg8 44.Kf2 Rxg3 45.Rxh7+ Kxh7 46.Rh1+ Kg6 47.Kxg3 Rc8 48.Rh4 Re8
49.Rg4+ Kf6 50.Rf4+ Kg6 51.Kf2 Re7 52.Rf8 Rc7 53.Rf4 Re7 54.Rd4 Kf6 55.Rh4 Kf5
56.Rh6 Re4 57.c5 dxc5 58.bxc5 Rd4 59.Rh5+ Kf6 60.Ke3 Rc4 61.d6 Ke6 62.Rh6+ Kd7
63.Rh7+ Kd8 64.Rc7 Rc1 65.Kd3 Ke8 66.Kd4 Kd8 67.Rxb7  1-0

[Event "Montilla"]
[Site "Montilla"]
[Date "1976.??.??"]
[Round "5"]
[White "Calvo Minguez, Ricardo"]
[Black "Stean, Michael"]
[Result "1/2-1/2"]
[WhiteElo "2435"]
[BlackElo "2420"]

1.e4 c5 2.Nf3 d6 3.d4 cxd4 4.Nxd4 Nf6 5.Nc3 a6 6.g3 e5 7.Nde2 Nbd7 8.a4 b6
9.Bg2 Bb7 10.O-O Be7 11.Nd5 Rc8 12.b3 Nxd5 13.exd5 O-O 14.c4 f5 15.Be3 Bf6
16.Ra2 a5 17.Bh3 g6 18.f3 Nc5 19.g4 f4 20.Bxc5 bxc5 21.Nc3 Rb8 22.Ne4 Bc8
23.Rff2 Bh4 24.Rfd2  1/2-1/2

[Event "URS-ch otbor"]
[Site "Rostov"]
[Date "1976.??.??"]
[Round "?"]
[White "Kholmov, Ratmir D"]
[Black "Anikaev, Yuri N"]
[Result "1/2-1/2"]
[WhiteElo "2550"]
[BlackElo "2435"]

1.e4 c5 2.Nf3 d6 3.d4 cxd4 4.Nxd4 Nf6 5.Nc3 a6 6.g3 e5 7.Nde2 Be7 8.Bg2 O-O
9.O-O Nbd7 10.a4 b6 11.h3 Bb7 12.g4 Nc5 13.Ng3 Ne6 14.Nf5 Nf4 15.Bxf4 exf4
16.e5 Bxg2 17.Nxe7+ Qxe7 18.exf6 Qb7 19.Re1 Rfe8 20.Re7 Rxe7 21.fxe7 Re8
22.Qxd6 Bh1 23.Kf1 Bg2+ 24.Kg1 Bh1 25.Kf1 Bg2+ 26.Kg1  1/2-1/2

[Event "SWE-ch"]
[Site "SWE"]
[Date "1976.??.??"]
[Round "?"]
[White "Kinnmark, Ove"]
[Black "Rorvall, Goran"]
[Result "1/2-1/2"]
[WhiteElo "2390"]
[BlackElo "2200"]

1.e4 c5 2.Nf3 d6 3.d4 cxd4 4.Nxd4 Nf6 5.Nc3 a6 6.g3 g6 7.Bg2 Bg7 8.O-O O-O
9.h3 Nc6 10.Be3 Bd7 11.Nxc6 Bxc6 12.Qd2 Rc8 13.Rfe1 b5 14.Bg5 Qc7 15.a3 Rfe8
16.Nd1 Nd7 17.Bh6 Bh8 18.Rb1 Ne5 19.Ne3 Qb7 20.Nd5 Bxd5 21.exd5 Qc7 22.c3 Qd7
23.Kh2 Rc7 24.f4 Nc4 25.Qe2 Nb6 26.h4 Bg7 27.Bxg7 Kxg7 28.Rbd1 Qc8 29.Qf3 Qb7
30.h5 Nd7 31.g4 Rc4  1/2-1/2

[Event "SWE-ch"]
[Site "SWE"]
[Date "1976.??.??"]
[Round "?"]
[White "Helmertz, Per Inge"]
[Black "Hansson, Dan"]
[Result "0-1"]
[WhiteElo "2280"]
[BlackElo "2290"]

1.e4 c5 2.Nf3 d6 3.Nc3 a6 4.d4 cxd4 5.Nxd4 Nf6 6.g3 e6 7.Bg2 Qc7 8.O-O Bd7
9.Re1 Nc6 10.Nxc6 bxc6 11.f4 e5 12.f5 h5 13.h3 Be7 14.Qd3 O-O 15.Bf3 d5 16.exd5 cxd5
17.Nxd5 Nxd5 18.Qxd5 e4 19.Bg2 Qxg3 20.Re3 Qc7 21.Rc3 Qb6+ 22.Kh1 Rad8 23.Qxe4 Bf6
24.Rb3 Qa5 25.Be3 Bxf5 26.Qf3 Bxc2 27.Bb6 Qe5 28.Bxd8 Rxd8 29.Rb7 Rd2 30.Rb4 Be7
31.Rc4 Bd6 32.Rc8+ Kh7 33.Kg1 Bd3  0-1

[Event "SWE-ch"]
[Site "SWE"]
[Date "1976.??.??"]
[Round "?"]
[White "Kinnmark, Ove"]
[Black "Hansson, Dan"]
[Result "1/2-1/2"]
[WhiteElo "2390"]
[BlackElo "2290"]

1.e4 c5 2.Nf3 d6 3.d4 cxd4 4.Nxd4 Nf6 5.Nc3 a6 6.g3 e5 7.Nde2 Be7 8.Bg2 O-O
9.a4 Be6 10.O-O Nbd7 11.h3 b5 12.axb5 axb5 13.Rxa8 Qxa8 14.Nxb5 Nxe4 15.Nc7 Qb7
16.Nxe6 fxe6 17.b3 Ndc5 18.c3 Nxb3 19.Bxe4 Qxe4 20.Qxb3 Qxe2 21.Qxe6+ Rf7
22.Be3 Qf3 23.Ra1 Bf8 24.Ra7 Qf5 25.Qa2 Qf3 26.Rd7 h6 27.Qe6 Qf5  1/2-1/2

[Event "HUN-ch"]
[Site "Budapest"]
[Date "1977.??.??"]
[Round "?"]
[White "Tompa, Janos"]
[Black "Schneider, Attila"]
[Result "1/2-1/2"]
[WhiteElo "2410"]
[BlackElo "2390"]

1.e4 c5 2.Nf3 d6 3.d4 cxd4 4.Nxd4 Nf6 5.Nc3 a6 6.g3 e5 7.Nde2 Be7 8.Bg2 b5
9.a4 Bb7 10.axb5 axb5 11.Rxa8 Bxa8 12.Qd3 Qa5 13.Qxb5+ Qxb5 14.Nxb5 Bxe4
15.Bxe4 Nxe4 16.f3 Nf6  1/2-1/2

[Event "Lublin"]
[Site "Lublin"]
[Date "1977.??.??"]
[Round "8"]
[White "Savon, Vladimir A"]
[Black "Martinovic, Slobodan"]
[Result "1-0"]
[WhiteElo "2540"]
[BlackElo "2415"]

1.e4 c5 2.Nf3 d6 3.d4 cxd4 4.Nxd4 Nf6 5.Nc3 a6 6.g3 e5 7.Nde2 Be7 8.Bg2 O-O
9.a4 Nbd7 10.O-O Rb8 11.a5 b5 12.axb6 Nxb6 13.b3 Qc7 14.h3 Nbd7 15.Kh2 Nc5
16.Be3 Bb7 17.Nd5 Nxd5 18.exd5 a5 19.Bd2 Ra8 20.Nc3 Ba6 21.Re1 Rfc8 22.Ra2 Bd8
23.f4 Bf6 24.Ne4 Nxe4 25.Rxe4 Bb5 26.c4 Bd7 27.Be3 Bf5 28.fxe5 Bxe4 29.Bxe4  1-0

[Event "SWE-ch"]
[Site "?"]
[Date "1977.??.??"]
[Round "?"]
[White "Helmertz, Per Inge"]
[Black "Hammar, Bengt"]
[Result "1/2-1/2"]
[WhiteElo "2295"]
[BlackElo "2200"]

1.e4 c5 2.Nf3 d6 3.d4 cxd4 4.Nxd4 Nf6 5.Nc3 a6 6.g3 e6 7.Bg2 Be7 8.O-O Qc7
9.a4 Nc6 10.Nxc6 bxc6 11.a5 Bb7 12.Be3 c5 13.Qe2 O-O 14.Rfe1 Bc6 15.Bf4  1/2-1/2